Statistics for 3 Word Scramble (Movies Easy)

Click here to take the quiz!

General Stats

  • This quiz has been taken 151 times
  • The average score is 12 of 16

Answer Stats

HintMovie% Correct
Cape Kryptonite SteelSuperman
96%
Iceburg Ship NecklaceTitanic
92%
Homer Spiderpig BartThe Simpsons Movie
88%
Cowardly Kansas WitchWizard of OZ
88%
Boxing Philadelphia ADRIANRocky
87%
Deer Mother ThumperBambi
86%
Sisters Snowman IceFrozen
85%
Prostitute Shopping JuliaPretty Woman
72%
Bus Keanu BombSpeed
67%
Whoppi Swayze DemiGhost
66%
Invasion Loki TeamAvengers
64%
Toons Jessica DetectiveWho Framed Roger Rabbit
64%
Vietnam Solider StalloneRambo
63%
Resort Baby CornerDirty Dancing
60%
Achilles Horse WarTroy
55%
Yippee Ki YayDie Hard
52%

Score Distribution

Percentile by Number Answered

Percent of People with Each Score

Your Score History

You have not taken this quiz